00000000nam##2200000za#4500
0019.531090
003CaOODSP
00520210615083046
007ta
008150406|1998||||xxc|||||     f|0| 0 eng|d
020 |a0-662-63731-3
040 |aCaOODSP|beng
041 |aeng
041 |afre
043 |an-cn---
0861 |aC21-27/2-1998
1101 |aCanada. |bIndustry Canada.
24510|aCapital investment challenges in Canada / |cby Ronald P.M. Giammarino.
260 |aOttawa - Ontario : |bIndustry Canada |c1998.
300 |aEnglish text, 42p. : |breferences, tables ; |c23 cm.
4901 |aCanada in the XXIst century. II, Resources and technology|vNo. 5
546 |aBilingual
563 |aSoftcover
590 |a99-43|b1999-10-29
69007|aInvestments|2gcpds
7201 |aGiammarino, Ronald P. M.
7760#|tCapital investment challenges in Canada / |w(CaOODSP)9.571951
7760#|tInvestissement : les défis à relever au Canada / |w(CaOODSP)9.602371
792 |tInvestissement: les défis à relever au Canada / |efre|w(CaOODSP)9.531091
830#0|aCanada in the XXIst century. II, Resources and technology ;|vNo. 5|w(CaOODSP)9.509060